| 000 | 00366nam a22001337a 4500 | ||
|---|---|---|---|
| 008 | 250519b |||||||| |||| 00| 0 eng d | ||
| 020 | _a0-415-11381-4 | ||
| 050 |
_aPE 1421 _b.W75 1996 |
||
| 100 |
_aWright, Laura and Hope,Jonathan _918808 |
||
| 245 | _aStylistics:A Practical Coursebook | ||
| 260 |
_aLondon _bRoutledge _c1996 |
||
| 300 | _axviii 237 P | ||
| 942 | _2lcc | ||
| 999 |
_c18969 _d18969 |
||